Klicke die finnischen Städte auf einer Karte - Statistiken

Allgemein
  • Dieses Quiz wurde 33 mal gespielt
  • Das Durchschnittsergebnis liegt bei 7 aus 15
Antworten auf der Karte
Die Antworten werden auf der Karte rot bzw. grün angezeigt, abhängig davon wie oft sie richtig erraten wurden.
 
Antwortstatistiken
Antwort % Korrekt
Helsinki
100%
Oulu
76%
Rovaniemi
76%
Turku
71%
Kajaani
52%
Lahti
52%
Kuopio
43%
Joensuu
38%
Jyväskylä
38%
Pori
38%
Tampere
38%
Vaasa
38%
Mikkeli
33%
Kokkola
29%
Kotka
24%
Keine übereinstimmenden Quizze gefunden
Verteilung der Resultate
Anzahl Personen mit jedem Resultat
Perzentil nach korrekt beantworteten Fragen
Ihre Resultats-Entwicklung
Sie haben dieses Quiz noch nicht gespielt